| 000 | 00461nam a22001697a 4500 | ||
|---|---|---|---|
| 005 | 20240626104904.0 | ||
| 008 | 231211b |||||||| |||| 00| 0 eng d | ||
| 082 |
_a320 _bKHA-M |
||
| 100 | _aKhalil, Qureshi | ||
| 245 |
_aMaster Guide M.A Political Science/ _cKhalil Qureshi |
||
| 260 |
_aLahore; _bEvernew Book Palace; |
||
| 300 |
_a1182 p.: _c21 cm. |
||
| 650 | _aSocial Sciences/Political Science | ||
| 700 | _aRana Akbar Ali | ||
| 999 |
_c34887 _d34887 |
||